000 00775cab a2200229 4500
001 WB2747-36
008 090401t1991 xxu||||| |||| 00| 0 eng d
035 _a(Sirsi) u56446
041 _aeng
245 _aCriminals `running squatter trade`
260 _c1991
350 _a0
490 _aTimes
_v4 December 1991, 4(1)
520 _aIncidents of squatters demanding direct cash payments from owners as an alternative to protracted court proceedings, are allegedly being arranged by organised criminals.
650 _aEMPTY HOMES
650 _aSQUATTING
650 _aVACANT PROPERTY
690 _aPROPERTY-RESIDENTIAL PROPERTY-RESIDENTIAL LANDLORD AND TENANT-RESIDENTIAL TENANCIES
690 _aPROPERTY LAW AND PRACTICE
942 _n0
948 _c04/03/1997
999 _c34423
_d34423